banner koha

Anállise da viabilidade econômica na produção de leite em sistemas de confinamento free-stall (Registro n. 82567)

MARC details
000 -LÍDER
campo de controle de tamanho fixo 01014nam a22003257a 4500
001 - NÚMERO DE CONTROLE
campo de controle BR2016003470
003 - IDENTIFICADOR DO NÚMERO DE CONTROLE
campo de controle BR-BrBNA
005 - DATA E HORÁRIO DA ÚLTIMA TRANSAÇÃO
campo de controle 20230928104937.0
007 - CAMPO FIXO DE DESCRIÇÃO FÍSICA--INFORMAÇÃO GERAL
campo de controle de tamanho fixo ta
008 - CAMPO DE DADOS FIXOS--INFORMAÇÃO GERAL
campo de controle de tamanho fixo 230509b bl.||||| |||| 00| 0 por d
040 ## - FONTE DA CATALOGAÇÃO
Instituição da catalogação original BR-BrBNA
Idioma da catalogação por
Instituição que transcreveu o registro Biblioteca Nacional de Agricultura
041 ## - CÓDIGO DE IDIOMA
Código do idioma do texto/trilha sonora ou título diferente (Por)
072 ## - CÓDIGO DE CATEGORIA DE ASSUNTO
Código de Categoria de Assunto E16
Código do objeto 5214
-- 9410
090 ## - NÚMERO DE CHAMADA LOCAL
-- 5214 BR2016003470
100 1# - ENTRADA PRINCIPAL--NOME PESSOAL
Nome pessoal Ramos, M.C.
110 1# - ENTRADA PRINCIPAL--NOME CORPORATIVO
Nome corporativo ou nome da jurisdição Universidade Federal de Lavras, MG (Brasil)
Grau Universitário Tese (doutorado)
245 1# - TÍTULO
Título Anállise da viabilidade econômica na produção de leite em sistemas de confinamento free-stall
260 3# - PUBLICAÇÃO, DISTRIBUIÇÃO, ETC.
Local de publicação, distribuição, etc. Lavras, MG (Brasil):
Data da publicação, distribuição, etc. 2015.
300 ## - DESCRIÇÃO FÍSICA
Extensão 151 p.
500 ## - NOTA GERAL
Nota geral Summaries (Eng, Por); Several bibliography; 10 illus.; 16 tables
650 ## - ASSUNTO--TERMO TÓPICO
Cabeçalho tópico ou nome geográfico GADO LEITEIRO
650 ## - ASSUNTO--TERMO TÓPICO
Cabeçalho tópico ou nome geográfico CONFINAMENTO
650 ## - ASSUNTO--TERMO TÓPICO
Cabeçalho tópico ou nome geográfico PRODUÇÃO LEITEIRA
650 ## - ASSUNTO--TERMO TÓPICO
Cabeçalho tópico ou nome geográfico PLANEJAMENTO OPERACIONAL
650 ## - ASSUNTO--TERMO TÓPICO
Cabeçalho tópico ou nome geográfico ANÁLISE ECONÔMICA
650 ## - ASSUNTO--TERMO TÓPICO
Cabeçalho tópico ou nome geográfico PROJETO PECUÁRIO
650 ## - ASSUNTO--TERMO TÓPICO
Cabeçalho tópico ou nome geográfico ZOOTECNIA
909 ## -
-- 202309
-- Lucia
-- 55
-- Lucia Elande
942 ## - ELEMENTOS DE ENTRADA ADICIONADOS (KOHA)
Tipo de material Koha Livros
Exemplares
Situação do descarte Fonte da classificação ou esquema de arquivamento na estante Situação física Não pode ser emprestado Coleção Biblioteca de origem Biblioteca atual Total de empréstimos Número de telefone completo Código de barras Data de último acesso Número do exemplar Tipo de material Koha Situação das perdas Data de aquisição Fonte de aquisição
  Classificação AGRIS       Biblioteca Nacional de Agricultura - Binagri Biblioteca Nacional de Agricultura - Binagri   5214 BR2016003470 5214 BR2016003470 25/09/2023 01 Livros   2023-09-25 Portaria Interministerial nº 164/94

BINAGRI

Telefone: (61)3218-2567/2388/3357/2097 - binagri@agro.gov.br

Ministério da Agricultura e Pecuária , Esplanada dos Ministérios, Bloco D, Anexo B, Brasília/DF, CEP: 70.043-900